La Marca de la Diputació de Barcelona
Descripción Física:
[8] p. : il. col. ; 21 cm
MARC
| LEADER | 00000nam a2200000Ia 4500 | ||
|---|---|---|---|
| 001 | 21731 | ||
| 008 | 160829s2009 xx 000 0 cat d | ||
| 080 | |a FU-43-52 | ||
| 245 | |a La Marca de la Diputació de Barcelona | ||
| 260 | |a Barcelona : |b Diputació de Barcelona, |c 2009 | ||
| 300 | |a [8] p. : |b il. col. ; |c 21 cm | ||
| 610 | 1 | 0 | |a Barcelona (Catalunya : Província). |b Diputació |9 52408 |
| 650 | |a Imatge corporativa |9 22160 | ||
| 710 | 1 | |a Barcelona (Catalunya : Província). |b Diputació |9 52408 | |
| 901 | |a Arxiu | ||
| 942 | |n 1 | ||
| 952 | |0 0 |1 0 |4 0 |6 FU4352 |7 1 |9 52816 |a Arxiu |b Arxiu |d 2016-12-01 |l 0 |o FU-43-52 |p 21731 |r 2016-12-01 00:00:00 |w 2016-12-01 |y ARXIU | ||
| 999 | |c 56665 |d 56665 | ||